Statistiques concernant Culture Générale - Série 1392

Cliquez ici pour prendre le quiz!

Statistiques générales

  • Ce quiz a été pris 121 fois
  • Le résultat moyen est 7 sur 10

Statistiques - réponses

QuestionRéponse% Correct
De quel pays est originaire la tradition des geishas ?Japon
100%
Quel organe sensoriel se dit "esgourde", en argot ?oreille
94%
Dans quel sport olympique japonais, l'arbitre annonce-t-il le début du combat en disant : "Hajime !" ? [PRONONCER : adjimé]judo
86%
En dessous de quel os passe une artère dite "sous-clavière" ?clavicule
85%
Complétez le titre d'une des aventures de Harry Potter : "Harry Potter et l'ordre du...phénix
72%
De quel pays était originaire Garcimore, le magicien maladroit, complice de Denis Fabre à la télévision ?Espagne
69%
Quelle chanson de Luis Mariano commence par ces paroles : "On a chanté les Parisiennes, leurs petits nez et leurs chapeaux." ?Mexico
69%
En 1997, quelle chanteuse américaine - initiales "TT"- interprète, en duo avec Eros Ramazzotti, le titre : "Cose Della Vita" ?Tina Turner
64%
Quel grand architecte du XXe siècle est l'auteur de la villa Savoye à Poissy ?Le Corbusier
41%
Dans quel film de 1925, Charlot mange-t-il ses lacets de chaussure à la manière de spaghetti ?La ruée vers l'or
23%

Distribution des résultats

Percentile par nombre de réponses

% des personnes avec chaque résultat

Votre développement - résultats

Vous n’avez pas pris ce quiz